01076nam a22002657a 45000010005000000030006000050050017000110080041000280200018000690400029000870500009001160820011001251000030001362450085001662500041002512600027002923000045003195050007003645200306003715210018006775210018006956500034007136500035007477000028007827207FISKH20250702142045.0250702b cb ||||| |||| 00| 0 eng d a9781444015270 aFISKHbengcFISKHdFISKH aPZ7. a823.92 aSimon, Francescad(1955-) aHorrid Henry and the Mummy's curse /cFrancesca Simon ; Illustrated by Tony Ross aThis edition first published in 2015 aLondon :bOrion,c2015 a76 pages :bcolor illustrations ;c20 cm aL  aWhen Henry hears the story of the terrifying ancient Egyptian mummy's curse, he can't wait to share it with Peter. But are they safe from the mummy? Or has the curse struck somewhere close to home? What's the difference between a mum and a mummy anyway? A funny, spooky story, perfect for Hallowe'en. 8 a510 bLexile 8 aL bRaz-Plus  2Children's fictionaHilarious 2Horrid Henry SeriesaAges 8-10 aRoss, Tonydillustrator